000 00664nam a22001937a 4500
005 20180601111627.0
010 _aB-694055
020 _c60.00
035 _aB-694055
037 _bRK Books
082 _a488.1
100 _aSingh, Ajay K..
245 _aOne word substitution /
_cby Ajay K. Singh
260 _aPatna
_bM.B.Books
_c2016
270 _a3rd Floor, Ramdiri House, Dadiji Lane, Boring Road
_bPatna
_e800001
300 _a146p.
_c19cm(Pbk)
942 _2ddc
_cEN
_mSIN
_h488.1
999 _c152322
_d152322